| 000 | 01434nam0a2200337 4500 | ||
|---|---|---|---|
| 001 | RU\NLR\bibl\789631 | ||
| 005 | 20250614122056.0 | ||
| 010 |
_a5-202-00751-5 _9200 |
||
| 021 |
_aRU _b2005-1976 _998 |
||
| 035 | _a(NLR Aleph) 000778886 | ||
| 090 |
_a1049460 _c1049460 |
||
| 100 | _a20050419d2004 |||y0rusy50 ca | ||
| 101 | 0 | _arus | |
| 102 | _aRU | ||
| 105 | _aa ||||||||| | ||
| 200 | 1 |
_aМуниципальные услуги: формирование системы управления _fН.А. Акимова, З.З. Муллагалеева |
|
| 210 |
_aКемерово _cКузбассвузиздат _d2004 |
||
| 215 |
_a152 с. _cсхем. _d20 |
||
| 320 | _aБиблиогр.: с. 130-145 (176 назв.) и в подстроч. прим. | ||
| 606 | 1 |
_aМуниципальное управление _yКемеровская область _92334627 _3RU\NLR\auth\661395874 |
|
| 606 | 1 |
_aСфера услуг _xУправление _yКемеровская область _92378346 _3RU\NLR\auth\661419143 |
|
| 686 | _aУ21(2)9(2Р-4Ке) | ||
| 686 | _aУ49(2)-21(2Р-4Ке) | ||
| 700 | 1 |
_aАкимова _bН. А. _gНаталья Александровна _4070 |
|
| 701 | 1 |
_aМуллагалеева _bЗ. З. _gЗимфира Заньяновна _4070 |
|
| 801 | 0 |
_aRU _bNLR _c20050419 _gPSBO |
|
| 801 | 1 |
_aRU _bNLR _c20050419 |
|
| 830 | _aавт. по кн. | ||
| 942 | _cBOOK | ||
| 980 | _aNB | ||